Discurso que en contestación al del Sr. D. Manuel Rico y Sinobas, en el acto de su recepción como académico numerario leyó Antonio Remón Zarco del Valle y Huet en la sesión pública del día 3 de julio de 1859. (Record no. 114656)

MARC details
000 -LEADER
campo de control de longitud fija 00907nam a2200205 i 4500
001 - NÚMERO DE CONTROL
campo de control 114656
003 - IDENTIFICADOR DE NÚMERO DE CONTROL
campo de control ES-MaACL
005 - FECHA Y HORA DE LA ÚLTIMA TRANSACCIÓN
campo de control 20250903063438.0
007 - CAMPO FIJO DE DESCRIPCIÓN FÍSICA--INFORMACIÓN GENERAL
campo de control de longitud fija t|
008 - DATOS DE LONGITUD FIJA--INFORMACIÓN GENERAL
campo de control de longitud fija 070319s1859 sp |||| | spa d
100 1# - ENTRADA PRINCIPAL--NOMBRE DE PERSONA
Nombre de persona Remón Zarco del Valle, Antonio,
Fechas asociadas al nombre 1789-1866
9 (RLIN) 131690
245 10 - MENCIÓN DEL TÍTULO
Título Discurso que en contestación al del Sr. D. Manuel Rico y Sinobas, en el acto de su recepción como académico numerario leyó Antonio Remón Zarco del Valle y Huet en la sesión pública del día 3 de julio de 1859.
260 ## - PUBLICACIÓN, DISTRIBUCIÓN, ETC.
Lugar de publicación, distribución, etc. [Madrid :
Nombre del editor, distribuidor, etc. s.n.,
Fecha de publicación, distribución, etc. 1859] (
Fabricante Imp. del Memorial de Ingenieros)
300 ## - DESCRIPCIÓN FÍSICA
Extensión 16 p. ;
Dimensiones 23 cm.
500 ## - NOTA GENERAL
Nota general Ejemp. sin port.; datos tomados de principio del texto.
710 2# - ENTRADA AGREGADA--NOMBRE DE ENTIDAD CORPORATIVA
Nombre de entidad corporativa o nombre de jurisdicción como elemento de entrada Real Academia de Ciencias Exactas, Físicas y Naturales de España.
9 (RLIN) 175635
710 2# - ENTRADA AGREGADA--NOMBRE DE ENTIDAD CORPORATIVA
Nombre de entidad corporativa o nombre de jurisdicción como elemento de entrada Imprenta del Memorial de Ingenieros
9 (RLIN) 134482
852 4# - LOCALIZACIÓN
Ubicación ES-MaACL
Número de control de estantería T-54-F-11
Holdings
Estatus retirado Estado de pérdida Estado de daño No para préstamo Colección Biblioteca de origen Biblioteca actual Ubicación en estantería Fecha de adquisición Fuente de adquisición Total de préstamos Signatura topográfica completa Código de barras Visto por última vez Precio de reemplazo Tipo de ítem Koha
        Colección de folletos Biblioteca del Ateneo de Madrid Biblioteca del Ateneo de Madrid Depósito folletos 17/01/2008     T-54-F-11 1119567 23/02/2023 23/02/2023 Folleto